اس گھر کو آگ لگ گی / (Record no. 171989)

MARC details
000 -LEADER
fixed length control field 00590nam a22001817a 4500
005 - DATE AND TIME OF LATEST TRANSACTION
control field 20200124122507.0
010 ## - LCCN (DPL NO)
LC control number A-645626
020 ## - INTERNATIONAL STANDARD BOOK NUMBER
Terms of availability 120.00
035 ## - SYSTEM CONTROL NUMBER
System control number A-645626
037 ## - SOURCE OF ACQUISITION
Source of stock number/acquisition BPPD/Pub.
082 ## - DEWEY DECIMAL CLASSIFICATION NUMBER
Classification number 954.02
245 ## - TITLE STATEMENT
Title اس گھر کو آگ لگ گی /
Statement of responsibility, etc سلیم قریش اور سیدعاشور کاظمی
246 ## - VARYING FORM OF TITLE
Title proper/short title Iss Ghar ko Aag Lag Gayi (Urdu) /
Remainder of title compiled by Saleem Qureshi [and] Syed Aashor Qazmi
260 ## - PUBLICATION, DISTRIBUTION, ETC. (IMPRINT)
Place of publication, distribution, etc New Delhi
Name of publisher, distributor, etc Anjuman Taraqqi Urdu
Date of publication, distribution, etc 1993 ء
270 ## - ADDRESS
Address -
City -
Postal code -
300 ## - PHYSICAL DESCRIPTION
Extent 242p.
Dimensions 22cm(Hb)
942 ## - ADDED ENTRY ELEMENTS (KOHA)
Source of classification or shelving scheme Dewey Decimal Classification
Item type Urdu Bks
Classification part 954.02
Call number suffix ا س گ
Holdings
Withdrawn status Lost status Not for loan Collection code Home library Current library Date acquired Source of acquisition Cost, normal purchase price Full call number Barcode Copy number Cost, replacement price Koha item type
      Non-fiction Central Library Central Library 24/01/2020 BPPD/Ven. 120.00 954.02 ا س گ A-645626 1 120.00 Urdu Bks

© Delhi Public Library
Hit Counter
free hit counter